000 00785nam a2200217Ia 4500
005 20250108124835.0
008 008 250107s9999 xx 000 0 hin d
037 _aTB
040 _aCRL
_bhin
_cCRL
041 _ahin
_2hin
084 _aO152,6N752x Q9
084 _qCRL
100 _aयशराज, सोनू, ले.
245 0 _aपहली बूद नीली थीरू कविता संग्रह
_cयशराज, सोनू, ले.
260 _aजयपुर, भारत
_bबोधि प्रकाशन
_c2394
300 _a103पृ0
365 _aINR
_b150
650 _aहिन्दी कविताहिन्दी साहित्य
_9729733
942 _cTB
_hO152,6N752x Q9
999 _c1234782
_d1234782